[Event "Sinergia 06 email"]
[Site "Argentina"]
[Date "2000.12.01"]
[Round "4"]
[White "Huerga, Jorge Hugo"]
[Black "Lopez Ballesteros, Tomas"]
[Result "1-0"]
[WhiteElo "996"]
[BlackElo "1000"]
[PlyCount "85"]
[EventDate "2000.12.01"]
[EventType "tourn (corr)"]
[EventRounds "6"]
[EventCountry "ARG"]
[SourceTitle "Corr 2006"]
[Source "ChessBase"]
[SourceDate "2006.04.01"]
[SourceVersion "3"]
[SourceVersionDate "2006.04.01"]
[SourceQuality "1"]

1. c4 d5 2. cxd5 Qxd5 3. Nc3 Qd6 4. g3 Nc6 5. Bg2 Bf5 6. Qb3 0-0-0 7. Nb5 Qc5 8. d3 e6 9. Be3 Qb4+ 10. Bd2 Qxb3 11. axb3 a6 12. Bxc6 bxc6 13. Nc3 Kb7 14. Nf3 Nf6 15. Ne5 Bg6 16. Nc4 Bc5 17. Na5+ Kb6 18. Na4+ Kb5 19. Nxc5 Kxc5 20. Nb7+ Kb6 21. Nxd8 Rxd8 22. 0-0 Rd5 23. Ra4 Rb5 24. b4 Kb7 25. Rfa1 Nd5 26. e4 Nf6 27. Rxa6 Kc8 28. Rxc6 Nd7 29. Rac1 Rb7 30. f4 Nb8 31. R6c4 f5 32. Bc3 fxe4 33. dxe4 c6 34. Be5 Be8 35. Ra1 g6 36. Ra8 Bd7 37. Rxb8+ Rxb8 38. Bxb8 Kxb8 39. Rc5 Kb7 40. Kf2 Kc7 41. Ke3 Kd6 42. Kd4 h6 43. e5+ 1-0

[Event "Sinergia 06 email"]
[Site "Argentina"]
[Date "2000.12.01"]
[Round "7"]
[White "Lopez Ballesteros, Tomas"]
[Black "Guerola, Bernat"]
[Result "0-1"]
[WhiteElo "1000"]
[BlackElo "862"]
[PlyCount "64"]
[EventDate "2000.12.01"]
[EventType "tourn (corr)"]
[EventRounds "6"]
[EventCountry "ARG"]
[SourceTitle "Corr 2006"]
[Source "ChessBase"]
[SourceDate "2006.04.01"]
[SourceVersion "3"]
[SourceVersionDate "2006.04.01"]
[SourceQuality "1"]

1. e4 e5 2. Nf3 Nc6 3. Bb5 Nf6 4. Nc3 Nd4 5. 0-0 c6 6. Be2 d5 7. exd5 e4 8. Nxd4 cxd5 9. d3 Bb4 10. Bd2 Qb6 11. Nb3 0-0 12. Be3 Qc6 13. Nd4 Qd7 14. dxe4 Bxc3 15. bxc3 Nxe4 16. Nb5 a6 17. Nd4 Nxc3 18. Qd3 Nxe2+ 19. Qxe2 Re8 20. Rfd1 b5 21. Nb3 Qf5 22. Rxd5 Qxd5 23. Rd1 Qc6 24. Nd4 Qe4 25. Nb3 Bb7 26. f3 Qxe3+ 27. Qxe3 Rxe3 28. Nc5 Bc6 29. Rd6 Be8 30. Nxa6 Rc8 31. Kf2 Rec3 32. Nb4 R3c4 0-1